000 00713cab a2200253 4500
001 ABS46141
008 090401t1992 xxu||||| |||| 00| 0 eng d
035 _a(Sirsi) u56960
041 _aeng
100 _aBurton, I.
245 _aPlanners look forward to the holidays
260 _c1992
350 _a0
490 _aPlanning (for the Natural and Built Environment)
_v(960) 20 March 1992, 18-19(2)
520 _aReviews the DoE draft planning policy guidance note on tourism.
650 _aCOUNTRYSIDE
650 _aDRAFT PPG
650 _aHOLIDAY VILLAGES
650 _aTOURISM
690 _aLEISURE AND RECREATION
690 _aPLANNING LAW AND PRACTICE
942 _n0
948 _c04/03/1997
999 _c34747
_d34747